000
00305 a2200145 4500
001
165529
020
_a
040
_c
Magnum
100
_a
Weineck, Jurgen
240
1
0
_a
Biologia do esporte
_l
por
245
1
0
_a
Biologia do esporte
362
0
_a
1899
697
_a
CIENCIAS MEDICAS SAUDE
942
_c
BK
999
_c
165529
_d
165529